| 000 | 00859nam a2200265 a 4500 | ||
|---|---|---|---|
| 008 | |||
| 020 | _a0858355388 (paperback) | ||
| 040 |
_aNUST _cNUST |
||
| 049 | _aMAIN | ||
| 090 |
_aRG551 _bDOC |
||
| 100 | _aDoctors and staff of the Royal Hospital for Women, Sydney. | ||
| 245 | 1 | 0 |
_aThe pregnancy book/ _c by the doctors and staff of the Royal Hospital for Women, Sydney. |
| 260 |
_aSydney, Australia : _bBay Books, _c1982. |
||
| 300 |
_a184 pages : _billustrations (chiefly colour) ; _c27 cm. |
||
| 336 |
_atext _btxt _2rdacontent |
||
| 337 |
_aunmediated _bn _2rdamedia |
||
| 338 |
_avolume _bnc _2rdacarrier |
||
| 500 | _aIncludes index. | ||
| 650 | 1 | _aPregnancy. | |
| 650 | _aChildbirth. | ||
| 907 |
_a.b1040952x _b20-09-21 _c20-09-21 |
||
| 003 | |||
| 005 | 20230120204319.0 | ||
| 942 |
_cBOOKS _kRG551 _mDOC |
||
| 999 |
_c120985 _d120985 |
||